书目信息 |
| 题名: |
概率统计(第二版)
|
|
| 作者: | 耿素云 , 张立昂 主编 | |
| 分册: | ||
| 出版信息: | 北京 北京大学出版社 1986.12 |
|
| 页数: | 337页 | |
| 开本: | 32开 | |
| 丛书名: | ||
| 单 册: | ||
| 中图分类: | O21 | |
| 科图分类: | ||
| 主题词: | 概率论 , 数理统计 | |
| 电子资源: | ||
| ISBN: | 7-310-03927-0 | |
| 000 | 00623nam0 2200217 45 | |
| 001 | 0007290833 | |
| 005 | 20000729083221.9 | |
| 010 | @a7-310-03927-0@d16.00元 | |
| 100 | @a20000729d1986 km y0chiy0120 ea | |
| 101 | 0 | @achi |
| 105 | @a z 000yy | |
| 200 | 1 | @a概率统计(第二版)@AGai Lu Tong Ji(Di Er Ban)@f耿素云,张立昂主编@FGeng Su Yun,Zhang Li Ang Zhu Bian |
| 210 | @a北京@c北京大学出版社@d1986.12 | |
| 215 | @a337页@d32开 | |
| 606 | 0 | @a概率论 |
| 606 | 0 | @a数理统计 |
| 690 | @aO21@v3 | |
| 701 | 0 | @a耿素云@4主编 |
| 701 | 0 | @a张立昂@4主编 |
| 801 | @aCN@bPftUser@c20000729 | |
| 905 | @b81199-203@dO21@eG924=2@f5 | |
| 概率统计(第二版)/耿素云,张立昂主编.-北京:北京大学出版社,1986.12 |
| 337页;32开 |
| ISBN 7-310-03927-0:16.00元 |
| ● |
| 相关链接 |
|
|
|
正题名:概率统计(第二版)
索取号:O21/G924=2
 
预约/预借
| 序号 | 登录号 | 条形码 | 馆藏地/架位号 | 状态 | 备注 |
| 1 | 81199 | 200811997 | 自科二线504/504自科库 44排2列2层/ [索取号:O21/G924=2] | 在馆 | |
| 2 | 81200 | 200812004 | 自科二线504/504自科库 44排2列6层/ [索取号:O21/G924=2] | 在馆 | |
| 3 | 81201 | 200812013 | 自科二线504/504自科库 44排2列6层/ [索取号:O21/G924=2] | 在馆 | |
| 4 | 81202 | 200812022 | 自科二线504/110考试书库 5排1列2层/ [索取号:O21/G924=2] | 在馆 | |
| 5 | 81203 | 200812031 | 自科二线504/504自科库 44排2列2层/ [索取号:O21/G924=2] | 在馆 |